000 01005nam a22002892i 4500
001 1481
003 BD-RjUL
005 20211208233339.0
008 131125t19601957enk 00| 0 eng d
035 _a(BD-RjUL)1505
040 _aHAM
_cHAM
_dOCL
_dBD-RjUL
_beng
041 1 _aengger
082 _a193
_216
_bKLD 1960
100 1 _aDilthey, Wilhelm,
_d1833-1911.
_9272
245 1 0 _a Dilthey's Philosophy of Existence :
_b Introduction to Weltanschauungslehre /
_cTranslation of an Essay with Introduction by William Kulback and Martin Weinbaum.
260 _aLondon :
_bVision press ltd
_c 1960
300 _a74 p. ;
_c21 cm
500 _a"Translated from Gesammelte Schriften, vol. VIII, pp. 75-118."
500 _aReprint of the ed. published by Bookman Associates, New York
504 _aBibliography: p. 15
650 0 _aIdeology
_9273
650 0 _aIdealism
_9274
740 0 _aPhilosophy of existence
942 _2ddc
_cBK
999 _c1481
_d1481